000 01285cad a22002295a 4500
001 L156648
008 120618s2012 xxk f 000 0 eng d
035 _a(Sirsi) u156648
041 0 _aeng
110 2 _aUK Green Building Council
_95440
245 0 2 _aA plan for growth in a resource-constrained world
_ba report from the UK-GBC's 'Industry Business Plan' project
_bMay 2012
_h[electronic resource]
260 _aLondon
_bUKGBC
_c2012
505 2 _aBackground -- The future operating environment -- The process of innovation -- Community collaborators -- You design and build -- Liveable places -- Great home, no hassle -- Use space well -- Key insights -- Afterword and next steps
520 _aThis report is the result of a process known as the 'Industry Business Plan' project which looks at the transition to low carbon over the next 40 years almost like a business plan for construction which will bring opportunities for growth. Includes a feature on self build.
590 _aKA NTK
651 4 _aUnited Kingdom
_y
690 _aConstruction management
_96230
690 _aSustainability
_96271
690 _aEnvironment
_96238
856 4 0 _uhttps://www.ukgbc.org/resources/publication/uk-gbc-plan-growth
_zView this report free of charge at www.ukgbc.org
942 _n0
999 _c114341
_d114341